000 00627nam a2200205Ia 4500
005 20250508151434.0
008 008 250505s9999 xx 000 0 eng d
037 _aTextual
040 _aFEDL
_beng
_cFEDL
041 _aeng
_2eng
084 _a371.42, FRO
_qFEDL
100 _aFroehlich Clifford P.
_993055
245 0 _aStudying students: Guidance methods of indvidual analysis
260 _aChicago, USA
_bScience Research Associates
_c1952
300 _axviii,411p.
490 _aProfessional Guidance
700 _a Darley John G.
_9759130
942 _cTEXL
_h371.42, FRO
999 _c1329801
_d1329801